00298nam a2200121Ia 4500008004100000041000900041082001700050100002400067245002800091260004100119300000800160650000800168230718s9999 xx 000 0 und d aEng. a29184bKHA-T aKhan, Muni's Ahmad  4aThe Protection of women aPakistanbInman law bool houvec2008 a311 aLaw